000 01143cam a2200313 a 4500
001 12210843
005 20160917131503.0
008 001025s2002 njua 001 0 eng
010 _a 00052846
020 _a0130920533
040 _aDLC
_cDLC
_dDLC
050 0 0 _aQA303
_b.B2828 2002
082 0 0 _aDC 515
_22002
_bB26c
100 1 _aBarnett, Raymond A.
245 1 0 _aCalculus for business, economics, life sciences, and social sciences/
_cRaymond A. Barnett, Michael R. Ziegler and Karl E. Byleen.
250 _a9th ed. /
260 _aUpper Saddle River, N.J. :
_bPrentice Hall,
_cc2002.
300 _a1 v. (various pagings) :
_billustrations ;
_c26 cm.
500 _aIncludes index.
650 0 _aCalculus.
650 0 _aSocial sciences
_xMathematics.
650 0 _aBiomathematics.
700 _aZiegler, Michael R.
_914751
_eAuthor
700 1 _aByleen, Karl E.
365 _b8500.00
_cPhp
906 _a7
_bcbc
_corignew
_d1
_eocip
_f20
_gy-gencatlg
942 _2ddc
_cDC
999 _c4610
_d4610